000 00859 a2200193 4500
001 25278
005 20260407155537.0
008 260407a1996 arg spa d
003 AR-UNSa-BCEJYS
040 _aAR-UNSa-BCEJYS
_bspa
_cAR-UNSa-BCEJYS
080 _a658
_xAdministración de empresas. Organización comercial
245 1 0 _aPrincipios de Administración
264 1 _aCórdoba :
_bEdiciones Eudecor
_c1996
300 _a464 p.
_c26 cm.
505 _a1. La administración - 2. El entorno de las organizaciones - 3. El pensamiento administrativo - 4. El planeamiento - 5. Las organizaciones - 6. La arquitectura de la organizaciones - 7. La conducta humana en la organización - 8. La dinámica de la organización - 9. La dirección - 10. El control.
942 _cBK
590 _aniveau_biblio:m niveau_hierar:0
100 1 _aAlvarez, Héctor Felipe
999 _c1354
_d1354